Normal view MARC view
  • Akhtar, Ahmad Raza

Entry Personal Name

Number of records used in: 1

001 - CONTROL NUMBER

  • control field: 130567

003 - CONTROL NUMBER IDENTIFIER

  • control field: NUST

005 - DATE AND TIME OF LATEST TRANSACTION

  • control field: 20250922133010.0

008 - FIXED-LENGTH DATA ELEMENTS

  • fixed length control field: 250922|| aca||aabn | a|a d

040 ## - CATALOGING SOURCE

  • Original cataloging agency: NUST
  • Transcribing agency: NUST

100 ## - HEADING--PERSONAL NAME

  • Personal name: Akhtar, Ahmad Raza

670 ## - SOURCE DATA FOUND

  • Source citation: Work cat.: (NUST): Akhtar, Ahmad Raza, E-governance and Emerging Digital Platforms: Exploring Citizens’ Preferences for Online Public Grievances Redressal Systems (OPGRS) in Pakistan/
© 2023 Central Library, National University of Sciences and Technology. All Rights Reserved.